[Event "Pan American-ch U16 Girls 27th"]
[Site "Montevideo"]
[Date "2016.07.29"]
[Round "7"]
[White "Roque Sola, Maria Fernanda"]
[Black "Toro Castaneda, Elizabeth"]
[Result "0-1"]
[WhiteElo "1727"]
[BlackElo "1843"]
[PlyCount "56"]
[EventDate "2016.07.25"]
[EventType "swiss"]
[EventRounds "9"]
[EventCountry "URU"]
[SourceTitle "EXT 2017"]
[Source "ChessBase"]
[SourceDate "2016.10.25"]
[SourceVersion "1"]
[SourceVersionDate "2016.10.25"]
[SourceQuality "1"]

1. c4 Nf6 2. g3 g6 3. Bg2 Bg7 4. Nc3 d6 5. e3 0-0 6. Nge2 Nbd7 7. d4 e5 8. 0-0 c6 9. b3 exd4 10. Nxd4 Nb6 11. Ba3 Re8 12. Rc1 d5 13. cxd5 Nbxd5 14. Nxd5 Nxd5 15. Qd2 Bh6 16. Rfe1 Qg5 17. f4 Qh5 18. Nb5 Be6 19. Nd6 Re7 20. Ne4 Ree8 21. Rc5 Bg7 22. Ng5 Bf8 23. Bxd5 Bxd5 24. Rxd5 cxd5 25. Qxd5 Bg7 26. Qxf7+ Kh8 27. Ne6 Bc3 28. Be7 Qf5 0-1

[Event "Pan American-ch U16 Girls 27th"]
[Site "Montevideo"]
[Date "2016.07.25"]
[Round "1"]
[White "Blanco, Nahomi"]
[Black "Roque Sola, Maria Fernanda"]
[Result "0-1"]
[WhiteElo "1570"]
[BlackElo "1727"]
[PlyCount "52"]
[EventDate "2016.07.25"]
[EventType "swiss"]
[EventRounds "9"]
[EventCountry "URU"]
[SourceTitle "EXT 2017"]
[Source "ChessBase"]
[SourceDate "2016.10.25"]
[SourceVersion "1"]
[SourceVersionDate "2016.10.25"]
[SourceQuality "1"]

1. d4 Nf6 2. c4 g6 3. Nc3 Bg7 4. Bg5 h6 5. Bh4 d6 6. Nf3 Nbd7 7. e4 0-0 8. Bd3 e5 9. d5 Nc5 10. Bc2 g5 11. Bg3 Nh5 12. 0-0 f5 13. Nd2 Nf4 14. b4 Nxe4 15. Ndxe4 fxe4 16. Nxe4 Bf5 17. f3 Qe8 18. Bf2 Qg6 19. g3 Nh3+ 20. Kg2 g4 21. fxg4 Bxg4 22. Nd2 Qh5 23. Qe1 Ng5 24. h4 Bh3+ 25. Kh2 Bxf1 26. Nxf1 Nf3+ 0-1

[Event "Pan American-ch U16 Girls"]
[Site "Cali"]
[Date "2015.07.02"]
[Round "8"]
[White "Roque Sola, Maria Fernanda"]
[Black "Gutierrez Bravo, Nicole Abigail"]
[Result "1-0"]
[WhiteElo "1642"]
[BlackElo "1660"]
[PlyCount "75"]
[EventDate "2015.06.28"]
[EventType "swiss"]
[EventRounds "9"]
[EventCountry "COL"]
[SourceTitle "EXT 2016"]
[Source "ChessBase"]
[SourceDate "2015.10.08"]
[SourceVersion "1"]
[SourceVersionDate "2015.10.08"]
[SourceQuality "1"]

1. c4 e5 2. Nc3 g6 3. g3 Bg7 4. Bg2 Nf6 5. d3 d6 6. e4 0-0 7. Nge2 c6 8. 0-0 Ne8 9. f4 Qb6+ 10. Kh1 Nd7 11. b3 Nef6 12. h3 Qc7 13. Bb2 b6 14. Rc1 Bb7 15. f5 a5 16. g4 Bh6 17. Rc2 Rfc8 18. Bc1 Bf8 19. g5 Ne8 20. Ng3 Nc5 21. Rcf2 Ng7 22. h4 Rd8 23. h5 gxh5 24. Nxh5 Nxh5 25. Qxh5 Nxd3 26. Rf3 Nxc1 27. f6 Rd7 28. Rh3 h6 29. gxh6 Kh7 30. Qf5+ Kh8 31. h7 Qd8 32. Qg4 Bh6 33. Rxh6 Qf8 34. Qg8+ Qxg8 35. hxg8Q+ Kxg8 36. Rg1 Nd3 37. Bf3+ Kf8 38. Rh8# 1-0

[Event "Pan American-ch U14 Girls"]
[Site "Oaxtepec"]
[Date "2014.07.14"]
[Round "6"]
[White "Henriquez Agurto, Antonia"]
[Black "Roque Sola, Maria Fernanda"]
[Result "1/2-1/2"]
[WhiteElo "1676"]
[BlackElo "1578"]
[PlyCount "72"]
[EventDate "2014.07.11"]
[EventType "swiss"]
[EventRounds "9"]
[EventCountry "MEX"]
[SourceTitle "EXT 2022"]
[Source "ChessBase"]
[SourceDate "2021.10.06"]
[SourceVersion "1"]
[SourceVersionDate "2021.10.06"]
[SourceQuality "1"]

1. e4 c5 2. d3 Nc6 3. g3 g6 4. Bg2 Bg7 5. c3 d6 6. h3 Nf6 7. Nf3 0-0 8. 0-0 Bd7 9. Be3 Qc8 10. Kh2 b5 11. Ne1 Rb8 12. d4 b4 13. f4 bxc3 14. bxc3 cxd4 15. cxd4 Na5 16. Nd2 Qc3 17. Bf2 Rb2 18. Nef3 Qa3 19. Rc1 Rfb8 20. f5 Bh6 21. g4 Bf4+ 22. Kh1 Nxe4 23. Nxe4 Rxf2 24. Nxf2 Bxc1 25. Qxc1 Qxc1 26. Rxc1 gxf5 27. gxf5 Bxf5 28. Nh4 Bb1 29. a3 Rb2 30. Rg1 Rxf2 31. Be4+ Kf8 32. Bxb1 Rf4 33. Bxh7 e6 34. Ng2 Rxd4 35. Kh2 d5 36. Bg6 Ra4 1/2-1/2

[Event "Toronto NAYCC U14 Girls"]
[Site "Toronto"]
[Date "2013.08.14"]
[Round "1"]
[White "Roque Sola, Maria Fernanda"]
[Black "Zhou, Qiyu"]
[Result "1-0"]
[WhiteElo "1544"]
[BlackElo "2119"]
[PlyCount "75"]
[EventDate "2013.08.14"]
[EventType "swiss"]
[EventRounds "9"]
[EventCountry "CAN"]
[SourceTitle "EXT 2022"]
[Source "ChessBase"]
[SourceDate "2021.10.06"]
[SourceVersion "1"]
[SourceVersionDate "2021.10.06"]
[SourceQuality "1"]

1. c4 e5 2. Nc3 Nf6 3. g3 d5 4. cxd5 Nxd5 5. Bg2 Nb6 6. Nf3 Nc6 7. d3 Be7 8. 0-0 0-0 9. a3 Re8 10. b4 Bf8 11. Bb2 Bg4 12. Ne4 Nd4 13. Ned2 Qd7 14. Re1 Na4 15. Rb1 Nxb2 16. Rxb2 c6 17. Qb1 Rad8 18. Nxd4 exd4 19. Ne4 Re5 20. Rc1 Rde8 21. f3 Bh3 22. Rcc2 Bxg2 23. Kxg2 h6 24. a4 Rh5 25. g4 Rhe5 26. Qg1 f5 27. gxf5 Rxf5 28. Kf1 Kh8 29. Rc4 Rd8 30. Qg6 Rf4 31. Qg3 Qf7 32. b5 cxb5 33. Rxb5 Rf5 34. Rc7 Qh5 35. Rbxb7 g6 36. Rh7+ Kg8 37. Qc7 Qh3+ 38. Kg1 1-0